Statistics for Countries That Are Shaped Like Things

Click here to take the quiz!

General Stats

  • This quiz has been taken 16 times
  • The average score is 3 of 8

Answer Stats

Shape & ContinentAnswer% Correct
Dog/AustraliaAustralia
71%
Seahorse/AsiaJapan
64%
Standing Dragon/EuropeUnited Kingdom
64%
Swimmer's Arm/North AmericaCuba
57%
Rabbit/EuropeFinland
36%
Crocodile/AfricaSenegal
14%
Rhino/AfricaSouth Africa
14%
Dog Looking Back/AsiaTajikistan
7%

Score Distribution

Percentile by Number Answered

Percent of People with Each Score

Your Score History

You have not taken this quiz